Nhân dân tự vệ [ của Việt Nam Cộng Hòa ]
Guardado en:
| Autor principal: | |
|---|---|
| Formato: | Libro |
| Lenguaje: | Undetermined |
| Publicado: |
Sài Gòn
Học viện Quốc Gia Hành Chánh
1969
|
| Materias: | |
| Etiquetas: |
Agregar Etiqueta
Sin Etiquetas, Sea el primero en etiquetar este registro!
|
| Thư viện lưu trữ: | Trung tâm Học liệu Trường Đại học Cần Thơ |
|---|
| LEADER | 00581nam a2200181Ia 4500 | ||
|---|---|---|---|
| 001 | CTU_26399 | ||
| 008 | 210402s9999 xx 000 0 und d | ||
| 082 | |a 343 | ||
| 082 | |b Ch125 | ||
| 100 | |a Phạm Thành Châu | ||
| 245 | 0 | |a Nhân dân tự vệ [ của Việt Nam Cộng Hòa ] | |
| 245 | 0 | |c Phạm Thành Châu | |
| 260 | |a Sài Gòn | ||
| 260 | |b Học viện Quốc Gia Hành Chánh | ||
| 260 | |c 1969 | ||
| 650 | |a civilian-based defense | ||
| 904 | |i Nguyễn Quang Điền, 981013 | ||
| 980 | |a Trung tâm Học liệu Trường Đại học Cần Thơ | ||